[Event "DEM U8 2023"]
[Site "Willingen GER"]
[Date "2023.05.31"]
[Round "2"]
[White "Stojanoski, Stefan"]
[Black "Müller, Konstantin"]
[Result "0-1"]
[Termination "normal"]
[Board "1"]
[WhiteElo "1133"]
[BlackElo "1568"]
[PlyCount "84"]
[WhiteFideId "34632948"]
[BlackFideId "34661778"]
[EventCountry "GER"]
[EventRounds "7"]
[EventType "swiss"]
[EventDate "2023.05.30"]

1. e4 c5 2. Nf3 e6 3. d4 cxd4 4. Nxd4 Nf6 5. Nc3 Bb4 6. Bd2 Nc6 7. Nxc6 bxc6 8.
Bd3 O-O 9. O-O d5 10. exd5 cxd5 11. a3 Bd6 12. Qf3 Bb7 13. Qh3 g6 14. Bg5 d4
15. Ne2 e5 16. Qh4 Be7 17. Nc1 Qd5 18. f3 Qe6 19. b3 Nd5 20. Bxe7 Nxe7 21. Bc4
Bd5 22. Bxd5 Nxd5 23. Re1 Ne3 24. Re2 Rac8 25. Ra2 Rc3 26. Qf2 Rc6 27. Ra1 Rfc8
28. c4 Nf5 29. Nd3 f6 30. f4 e4 31. Rae1 e3 32. Qf1 Qe4 33. Ra2 Nd6 34. a4 a5
35. c5 Nb7 36. Rc2 Nxc5 37. Rxc5 Rxc5 38. Nxc5 Rxc5 39. Rc1 e2 40. Qe1 Qe3+ 41.
Kh1 Rxc1 42. Qxc1 Qxc1# 0-1

[Event "DEM U8 2023"]
[Site "Willingen GER"]
[Date "2023.05.31"]
[Round "2"]
[White "Thirumal, Shravan"]
[Black "Graf, Tom"]
[Result "1-0"]
[Termination "normal"]
[Board "2"]
[WhiteElo "1118"]
[BlackElo "1095"]
[PlyCount "61"]
[WhiteFideId "34625356"]
[BlackFideId "34622420"]
[EventCountry "GER"]
[EventRounds "7"]
[EventType "swiss"]
[EventDate "2023.05.30"]

1. Nf3 d5 2. d3 Nc6 3. g3 e5 4. Bg2 Bc5 5. O-O Nf6 6. c3 Bf5 7. b4 Bb6 8. a4 a6
9. Nbd2 O-O 10. Bb2 Qd7 11. Qc2 Bh3 12. Rad1 Bxg2 13. Kxg2 Qg4 14. a5 Ba7 15.
Nb3 Nh5 16. e3 e4 17. dxe4 dxe4 18. Nfd2 Rfe8 19. h3 Qg6 20. Kh2 Re6 21. Rg1
Qf6 22. Rg2 Ne5 23. Nxe4 Nf3+ 24. Kh1 Qf5 25. g4 Qxe4 26. Qxe4 Rxe4 27. gxh5
Rh4 28. Rg3 Ne5 29. Rd5 Nc4 30. Bc1 Bb8 31. Rd8# 1-0

[Event "DEM U8 2023"]
[Site "Willingen GER"]
[Date "2023.05.31"]
[Round "2"]
[White "Sriram, Aumkar"]
[Black "Schmidt, Jan"]
[Result "1/2-1/2"]
[Termination "normal"]
[Board "3"]
[WhiteElo "1126"]
[BlackElo "1291"]
[PlyCount "108"]
[WhiteFideId "33460477"]
[BlackFideId "34625682"]
[EventCountry "GER"]
[EventRounds "7"]
[EventType "swiss"]
[EventDate "2023.05.30"]

1. d4 f5 2. c4 Nf6 3. Nc3 e6 4. e3 Bb4 5. Bd3 Bxc3+ 6. bxc3 O-O 7. Ne2 b6 8.
O-O Bb7 9. f3 d5 10. Qc2 Ba6 11. cxd5 Bxd3 12. Qxd3 Qxd5 13. Nf4 Qc6 14. Ba3
Re8 15. Rfe1 e5 16. dxe5 Rxe5 17. Qd8+ Re8 18. Qd2 Qd7 19. Qxd7 Nbxd7 20. Rad1
Re5 21. Bb2 Rae8 22. Kf2 Nc5 23. c4 R5e7 24. Bxf6 gxf6 25. Nd5 Rf7 26. Rg1 c6
27. g4 cxd5 28. gxf5+ Kf8 29. cxd5 Rd7 30. Rg2 Rg7 31. Rxg7 Kxg7 32. f4 Rd8 33.
Kf3 Kf7 34. e4 Nd7 35. Re1 Nc5 36. Rd1 Ke7 37. e5 fxe5 38. fxe5 b5 39. d6+ Kf7
40. e6+ Nxe6 41. fxe6+ Kxe6 42. Re1+ Kxd6 43. Rd1+ Ke7 44. Rxd8 Kxd8 45. Ke4
Ke7 46. Kd5 Kf6 47. Kc5 Kf5 48. Kxb5 Kg4 49. a4 Kh3 50. a5 Kxh2 51. Ka6 h5 52.
Kxa7 h4 53. Kb7 Kg1 54. a6 h3 1/2-1/2

[Event "DEM U8 2023"]
[Site "Willingen GER"]
[Date "2023.05.31"]
[Round "2"]
[White "Grimm, Jakob"]
[Black "Reese, Oscar"]
[Result "0-1"]
[Termination "normal"]
[Board "4"]
[WhiteElo "1272"]
[BlackElo "1132"]
[PlyCount "42"]
[WhiteFideId "34635645"]
[BlackFideId "34644474"]
[EventCountry "GER"]
[EventRounds "7"]
[EventType "swiss"]
[EventDate "2023.05.30"]

1. e4 e5 2. Nf3 Nf6 3. Nc3 Nc6 4. d4 exd4 5. Nxd4 Bb4 6. Nxc6 bxc6 7. a3 Bxc3+
8. bxc3 Nxe4 9. Qf3 O-O 10. Be2 d5 11. O-O Re8 12. Bb2 Rb8 13. Rab1 Nd2 14. Qg3
Nxb1 15. Rxb1 Rxe2 16. f3 Rxc2 17. Re1 Rbxb2 18. Qxc7 Rxg2+ 19. Kh1 Rxh2+ 20.
Qxh2 Rxh2+ 21. Kxh2 Qh4+ 0-1

[Event "DEM U8 2023"]
[Site "Willingen GER"]
[Date "2023.05.31"]
[Round "2"]
[White "Liu, Jonas"]
[Black "Rössling, Johannes"]
[Result "1-0"]
[Termination "normal"]
[Board "5"]
[WhiteElo "1039"]
[BlackElo "1328"]
[PlyCount "81"]
[WhiteFideId "34660941"]
[BlackFideId "34642773"]
[EventCountry "GER"]
[EventRounds "7"]
[EventType "swiss"]
[EventDate "2023.05.30"]

1. e4 e5 2. Nf3 Nc6 3. Bb5 a6 4. Bxc6 dxc6 5. O-O Bg4 6. h3 Bh5 7. g4 Bg6 8.
Nxe5 Qd4 9. Nxg6 hxg6 10. Qf3 O-O-O 11. d3 Nf6 12. Nc3 Bd6 13. Re1 Rh4 14. Be3
Qe5 15. d4 Qe7 16. Bg5 Rh7 17. e5 Bb4 18. exf6 Qf8 19. fxg7 Qxg7 20. Bxd8 Kxd8
21. Qe3 Rh8 22. Rad1 Qf8 23. a3 Ba5 24. b4 Bb6 25. Kg2 Qd6 26. Qe5 Qf8 27. d5
Kc8 28. d6 Rg8 29. Qe7 Qg7 30. d7+ Kb8 31. Qe8+ Rxe8 32. Rxe8+ Ka7 33. d8=Q
Bxf2 34. Kxf2 Qxc3 35. Qd4+ Qxd4+ 36. Rxd4 Kb6 37. c4 c5 38. Rf4 cxb4 39. axb4
g5 40. Rxf7 Kc6 41. Re6# 1-0

[Event "DEM U8 2023"]
[Site "Willingen GER"]
[Date "2023.05.31"]
[Round "2"]
[White "Mukazhanov, Arslan"]
[Black "Belov, Artemii"]
[Result "1/2-1/2"]
[Termination "normal"]
[Board "6"]
[WhiteElo "779"]
[BlackElo "1229"]
[PlyCount "63"]
[WhiteFideId "34647686"]
[BlackFideId "34665234"]
[EventCountry "GER"]
[EventRounds "7"]
[EventType "swiss"]
[EventDate "2023.05.30"]

1. e4 e5 2. Nf3 Nc6 3. Bb5 a6 4. Bxc6 dxc6 5. Nc3 Bd6 6. O-O Nf6 7. d4 exd4 8.
Qxd4 Be7 9. Qe3 O-O 10. Rd1 Qe8 11. e5 Ng4 12. Qe4 Bc5 13. Be3 Nxe3 14. fxe3
Be6 15. Ng5 g6 16. b4 Be7 17. Nxe6 fxe6 18. Rf1 Rd8 19. Rxf8+ Qxf8 20. a4 Rd2
21. Rf1 Qg7 22. b5 axb5 23. axb5 cxb5 24. Nxb5 Rd7 25. Qxb7 Qxe5 26. Qf3 Qg7
27. Nd4 Rd6 28. Nb5 Rd7 29. Qe4 e5 30. Qc6 Bd6 31. Rd1 Qe7 32. c4 1/2-1/2

[Event "DEM U8 2023"]
[Site "Willingen GER"]
[Date "2023.05.31"]
[Round "2"]
[White "Pragatheswarakumar, Krish Keerthan"]
[Black "Ranganathan, Aadith"]
[Result "0-1"]
[Termination "normal"]
[Board "8"]
[WhiteElo "1152"]
[BlackElo "1002"]
[PlyCount "98"]
[WhiteFideId "34679359"]
[BlackFideId "34667121"]
[EventCountry "GER"]
[EventRounds "7"]
[EventType "swiss"]
[EventDate "2023.05.30"]

1. d4 d5 2. c4 e6 3. Nc3 Nf6 4. Nf3 Bb4 5. Bg5 O-O 6. Bxf6 Qxf6 7. e3 Nc6 8.
Bd3 Bd7 9. Rc1 dxc4 10. Bxc4 Rfd8 11. O-O Bxc3 12. bxc3 e5 13. Qc2 Bf5 14. Bd3
Bxd3 15. Qxd3 Ne7 16. Nxe5 Qxe5 17. Rfd1 Qf6 18. Qc4 c6 19. Rb1 b6 20. f3 Qe6
21. Qe2 Nf5 22. e4 Re8 23. Rb2 Qg6 24. Qf2 Nh6 25. Rbd2 Qe6 26. d5 cxd5 27.
Rxd5 Rad8 28. R1d2 Rxd5 29. Rxd5 Qc6 30. Qd4 Qc7 31. c4 a5 32. Kf2 Qxh2 33. Rd8
Qh4+ 34. Ke3 Qxd8 35. Qb2 Qc7 36. Qe2 Nf5+ 37. Kf2 Qc5+ 38. Ke1 Qg1+ 39. Kd2
Rd8+ 40. Kc3 Qd4+ 41. Kc2 Ne3+ 42. Kb3 a4+ 43. Kb4 Rc8 44. Kxa4 Rxc4+ 45. Qxc4
Qxc4+ 46. Ka3 Qc3+ 47. Ka4 Nc2 48. a3 Nd4 49. e5 Qa5# 0-1

[Event "DEM U8 2023"]
[Site "Willingen GER"]
[Date "2023.05.31"]
[Round "2"]
[White "Besou, Jad"]
[Black "Filis, Leon"]
[Result "1-0"]
[Termination "normal"]
[Board "12"]
[WhiteElo "1235"]
[BlackElo "1046"]
[PlyCount "57"]
[WhiteFideId "34631348"]
[BlackFideId "34611436"]
[EventCountry "GER"]
[EventRounds "7"]
[EventType "swiss"]
[EventDate "2023.05.30"]

1. e4 d5 2. exd5 Nf6 3. Nf3 Qxd5 4. Nc3 Qd6 5. a3 c6 6. d3 e6 7. Be2 Be7 8. O-O
Qc7 9. Ne4 O-O 10. Bg5 Nxe4 11. dxe4 Qd8 12. Qxd8 Bxd8 13. Bxd8 Rxd8 14. Rad1
Bd7 15. Ne5 f6 16. Nxd7 Rxd7 17. Bc4 Kf7 18. f4 Ke7 19. f5 e5 20. Be6 Rxd1 21.
Rxd1 g6 22. Bg8 gxf5 23. exf5 h6 24. Be6 Na6 25. Rd7+ Kf8 26. Rf7+ Ke8 27. Rxf6
h5 28. Rh6 Nc5 29. Rh8+ 1-0

[Event "DEM U8 2023"]
[Site "Willingen GER"]
[Date "2023.05.31"]
[Round "2"]
[White "Estrin, Boris"]
[Black "Saeidi, Fardin Jahan"]
[Result "0-1"]
[Termination "normal"]
[Board "13"]
[WhiteElo "1205"]
[BlackElo "1037"]
[PlyCount "110"]
[WhiteFideId "34649859"]
[BlackFideId "34658360"]
[EventCountry "GER"]
[EventRounds "7"]
[EventType "swiss"]
[EventDate "2023.05.30"]

1. e4 c5 2. Nf3 Nc6 3. d4 cxd4 4. Nxd4 Nf6 5. Nc3 e5 6. Nf3 Bb4 7. Bd2 d6 8.
Bc4 O-O 9. O-O Bxc3 10. Bxc3 Nxe4 11. Qd3 Nf6 12. Ng5 d5 13. Bb3 e4 14. Qd2 d4
15. Bb4 Nxb4 16. Qxb4 h6 17. Nxf7 Rxf7 18. Bxf7+ Kxf7 19. Rad1 d3 20. Qb3+ Qd5
21. Qxd5+ Nxd5 22. cxd3 exd3 23. Rxd3 Be6 24. f4 Nf6 25. Rc1 Re8 26. Kf2 Bf5
27. Rc7+ Kf8 28. Ra3 a6 29. Rxb7 Be6 30. Rxa6 Bc8 31. Rxf6+ gxf6 32. Rh7 Kg8
33. Rxh6 Kg7 34. Rh5 f5 35. Rh3 Re4 36. g3 Ba6 37. Rh5 Kg6 38. Rh8 Re2+ 39. Kf3
Rxb2 40. g4 Be2+ 41. Kg3 Bxg4 42. h3 Bd1 43. Ra8 Rd2 44. Ra6+ Kf7 45. Ra7+ Ke6
46. Ra6+ Kf7 47. Ra7+ Kg6 48. Ra6+ Kh5 49. Ra5 Bc2 50. a4 Rd3+ 51. Kh2 Rf3 52.
Rc5 Be4 53. a5 Rxf4 54. a6 Rf2+ 55. Kg3 Rd2 0-1

[Event "DEM U8 2023"]
[Site "Willingen GER"]
[Date "2023.05.31"]
[Round "2"]
[White "Schubert, Ben"]
[Black "Wolf, Adam"]
[Result "0-1"]
[Termination "normal"]
[Board "14"]
[WhiteElo "1049"]
[BlackElo "1256"]
[PlyCount "76"]
[WhiteFideId "34692266"]
[BlackFideId "34623426"]
[EventCountry "GER"]
[EventRounds "7"]
[EventType "swiss"]
[EventDate "2023.05.30"]

1. e4 c6 2. Nf3 d5 3. exd5 cxd5 4. d4 Nf6 5. Nc3 Bf5 6. Bf4 e6 7. Bb5+ Nbd7 8.
O-O Be7 9. Re1 O-O 10. Qd2 Bb4 11. a3 Ba5 12. b4 Bb6 13. Bd6 Re8 14. Ne5 a6 15.
Ba4 Bc7 16. Bxc7 Qxc7 17. Nxd7 Nxd7 18. h3 b5 19. Bb3 Rac8 20. Re3 Nf6 21. Rc1
Ne4 22. Nxe4 Bxe4 23. f3 Bf5 24. c3 Qg3 25. Qf2 Qg6 26. g4 h5 27. Qg3 hxg4 28.
hxg4 Qh6 29. Ree1 Bh7 30. f4 Be4 31. Re3 Qh1+ 32. Kf2 Qxc1 33. Qh3 Qb2+ 34. Bc2
Qxc2+ 35. Re2 Qxc3 36. Qh4 Qf3+ 37. Kg1 Rc1+ 38. Re1 Qg2# 0-1

[Event "DEM U8 2023"]
[Site "Willingen GER"]
[Date "2023.05.31"]
[Round "2"]
[White "Trunz, Daniel"]
[Black "Dold, Emil"]
[Result "1-0"]
[Termination "normal"]
[Board "15"]
[WhiteElo "1086"]
[BlackElo "1113"]
[PlyCount "109"]
[WhiteFideId "34640797"]
[EventCountry "GER"]
[EventRounds "7"]
[EventType "swiss"]
[EventDate "2023.05.30"]

1. e4 e5 2. Nf3 Nc6 3. d4 exd4 4. Bc4 Bb4+ 5. c3 dxc3 6. Nxc3 Qf6 7. Bd2 Nge7
8. O-O O-O 9. Bg5 Qg6 10. a3 Bc5 11. b4 Bd6 12. Re1 h6 13. Bxe7 Bxe7 14. Nd5
Bd6 15. e5 Be7 16. Nxc7 Rb8 17. Qd2 Qg4 18. h3 Qxc4 19. Nd5 Qb5 20. Rac1 Bd8
21. Rc5 Qa4 22. Qa2 b6 23. Rc4 Ba6 24. Nc3 Bxc4 25. Qxc4 Qc2 26. Re3 b5 27. Qd5
Qc1+ 28. Kh2 Rb7 29. Nxb5 Bb6 30. Rc3 Qf4+ 31. g3 Qf5 32. Nd6 Qe6 33. Qxe6 fxe6
34. Nxb7 Bxf2 35. Nc5 Nd4 36. Nxd4 Bxd4 37. Rd3 Rf2+ 38. Kg1 Rd2+ 39. Kf1 Rxd3
40. Nxd3 Kf7 41. Ke2 Kg6 42. Kf3 h5 43. Nf4+ Kf5 44. Nxh5 Bxe5 45. g4+ Kg5 46.
a4 g6 47. Ng3 d5 48. b5 d4 49. a5 d3 50. b6 d2 51. Ne4+ Kh4 52. Nxd2 axb6 53.
axb6 Bb8 54. Kg2 e5 55. Nf3# 1-0

[Event "DEM U8 2023"]
[Site "Willingen GER"]
[Date "2023.05.31"]
[Round "2"]
[White "Schimming, Wilhelm"]
[Black "Wang, Kaichen"]
[Result "1-0"]
[Termination "normal"]
[Board "17"]
[WhiteElo "983"]
[BlackElo "1101"]
[PlyCount "69"]
[WhiteFideId "34662030"]
[BlackFideId "34626891"]
[EventCountry "GER"]
[EventRounds "7"]
[EventType "swiss"]
[EventDate "2023.05.30"]

1. e4 c6 2. d4 d5 3. Nc3 dxe4 4. Nxe4 Bf5 5. Ng3 Bg6 6. Nf3 h6 7. Bd3 Bxd3 8.
Qxd3 Nf6 9. O-O e6 10. Bf4 Nbd7 11. Rfe1 Nb6 12. Nf5 Nbd5 13. Bg3 Be7 14. Ne3
O-O 15. Nxd5 Nxd5 16. Rad1 Bd6 17. c4 Bxg3 18. hxg3 Nb6 19. Re4 Nd7 20. Rh4 Nf6
21. g4 Nd7 22. g5 Re8 23. gxh6 gxh6 24. Rxh6 Kf8 25. Qh7 Ke7 26. Ng5 Ne5 27.
Rxe6+ Kd7 28. dxe5+ Kc8 29. Rxd8+ Rxd8 30. Qxf7 Rd1+ 31. Kh2 Rd8 32. Re7 a6 33.
Rc7+ Kb8 34. Rxb7+ Kc8 35. Qc7# 1-0

[Event "DEM U8 2023"]
[Site "Willingen GER"]
[Date "2023.05.31"]
[Round "2"]
[White "Merle, Atreyu Lukas"]
[Black "Sander, Tino"]
[Result "1-0"]
[Termination "normal"]
[Board "18"]
[WhiteElo "1081"]
[BlackElo "923"]
[PlyCount "81"]
[WhiteFideId "34670033"]
[BlackFideId "34636110"]
[EventCountry "GER"]
[EventRounds "7"]
[EventType "swiss"]
[EventDate "2023.05.30"]

1. e4 e5 2. Nf3 Nc6 3. Bc4 Bc5 4. c3 Nf6 5. d4 exd4 6. cxd4 Bb4+ 7. Nc3 Nxe4 8.
O-O Nxc3 9. bxc3 Bxc3 10. Ba3 Bxa1 11. Re1+ Ne7 12. Rxe7+ Qxe7 13. Bxe7 Kxe7
14. Qxa1 Re8 15. Qe1+ Kf8 16. Qb4+ Kg8 17. Ng5 Rf8 18. Qe7 d5 19. Bxd5 Be6 20.
Bxb7 Rab8 21. Nxe6 fxe6 22. Qxe6+ Kh8 23. Qd5 Rfc8 24. g3 Rd8 25. Qe4 Re8 26.
Qc6 Re7 27. d5 h6 28. a4 a5 29. Qc5 Re1+ 30. Kg2 Rxb7 31. Qxa5 Rb6 32. Qxe1 Rd6
33. a5 Kh7 34. h3 c6 35. dxc6 Rxc6 36. Qe4+ Rg6 37. a6 h5 38. a7 h4 39. a8=Q
hxg3 40. fxg3 Kh6 41. Qh4# 1-0

[Event "DEM U8 2023"]
[Site "Willingen GER"]
[Date "2023.05.31"]
[Round "2"]
[White "Chupikov, Mark"]
[Black "Frerich, Theo"]
[Result "1-0"]
[Termination "normal"]
[Board "19"]
[WhiteElo "958"]
[BlackElo "1073"]
[PlyCount "111"]
[WhiteFideId "34680721"]
[EventCountry "GER"]
[EventRounds "7"]
[EventType "swiss"]
[EventDate "2023.05.30"]

1. e4 e5 2. Nf3 Nc6 3. Bb5 Bc5 4. O-O Nf6 5. Nc3 O-O 6. Bxc6 dxc6 7. Nxe5 Re8
8. d4 Bxd4 9. Nf3 Bxc3 10. Qxd8 Rxd8 11. e5 Ne4 12. bxc3 Nxc3 13. Bb2 Ne2+ 14.
Kh1 Nf4 15. Rad1 Bg4 16. Rxd8+ Rxd8 17. Ba3 Bxf3 18. gxf3 Rd2 19. Bc1 Rd4 20.
Be3 Ra4 21. Rd1 h6 22. Rd4 Rxd4 23. Bxd4 Kf8 24. Be3 Ne2 25. Bxa7 Ke8 26. Be3
Nc3 27. a3 Ke7 28. Kg2 Ke6 29. f4 Nd5 30. Kf3 Nxe3 31. Kxe3 Kf5 32. h3 f6 33.
exf6 Kxf6 34. Ke4 c5 35. c4 c6 36. a4 Ke6 37. f5+ Kf6 38. a5 Kf7 39. Ke5 Ke7
40. h4 h5 41. f4 Ke8 42. Ke6 Kf8 43. Kd7 Kf7 44. Kc7 Kf6 45. Kxb7 Kxf5 46. a6
Kxf4 47. a7 g5 48. a8=Q g4 49. Qf8+ Kg3 50. Kxc6 Kh3 51. Qf1+ Kh2 52. Qf2+ Kh1
53. Qxc5 g3 54. Qxh5 g2 55. Qg5 g1=Q 56. Qxg1+ 1-0

[Event "DEM U8 2023"]
[Site "Willingen GER"]
[Date "2023.05.31"]
[Round "2"]
[White "Mudriievskyi, Jan"]
[Black "Guan, Guoyou"]
[Result "1-0"]
[Termination "normal"]
[Board "20"]
[WhiteElo "1062"]
[BlackElo "883"]
[PlyCount "40"]
[WhiteFideId "34676473"]
[BlackFideId "34649492"]
[EventCountry "GER"]
[EventRounds "7"]
[EventType "swiss"]
[EventDate "2023.05.30"]

1. e4 e5 2. Nf3 Nc6 3. d4 exd4 4. Bc4 Bc55. c3 Nf6 6. e5 d5 7. exf6 dxc4 8.
fxg7 Rg8 9. Bh6 Qf6 10. Bg5 Qd6 11. cxd4 Nxd4 12. Nxd4 Qxd4 13. Qxd4 Bxd4 14.
Bf4 Bxb2 15. Nd2 Bxa1 16. Nxc4 Bxg7 17. Bd2 Be6 18. Ne3 Bxa2 19. O-O O-O-O 20.
Bc1 Be6 21. Ba3 {Rest nicht nachvollziehbar, da nur ein Formular vorhanden. 1:0
im 52. Zug} 1-0

[Event "DEM U8 2023"]
[Site "Willingen GER"]
[Date "2023.05.31"]
[Round "2"]
[White "Nguyen-Trung, Atticus"]
[Black "Öhrlein, Frederik"]
[Result "0-1"]
[Termination "normal"]
[Board "21"]
[WhiteElo "920"]
[BlackElo "1061"]
[PlyCount "96"]
[WhiteFideId "34670041"]
[BlackFideId "34687556"]
[EventCountry "GER"]
[EventRounds "7"]
[EventType "swiss"]
[EventDate "2023.05.30"]

1. e4 c5 2. c3 d6 3. d4 cxd4 4. cxd4 Nf6 5. Nc3 Nc6 6. Nf3 g6 7. Be3 Bg7 8. Be2
Qa5 9. h3 Nxe4 10. Qd3 Nxc3 11. Qxc3 Qxc3+ 12. bxc3 Bf5 13. O-O a6 14. Rad1 b5
15. Bd3 Be6 16. a3 O-O 17. Be4 Bc4 18. Bxc6 Rac8 19. Rfe1 Rxc6 20. d5 Rcc8 21.
Bg5 Bxc3 22. Bh6 Bxe1 23. Bxf8 Kxf8 24. Rxe1 Bxd5 25. Re3 Bxf3 26. Rxf3 Rc1+
27. Kh2 a5 28. g4 Ra1 29. Rg3 b4 30. axb4 axb4 31. Rb3 Ra4 32. f4 h6 33. Kg3
Ra3 34. Rf3 Rxf3+ 35. Kxf3 b3 36. Ke2 b2 37. Kd2 b1=Q 38. h4 Qb3 39. f5 Ke8 40.
fxg6 fxg6 41. g5 h5 42. Ke2 Kf7 43. Kf2 Ke6 44. Kg2 Kf5 45. Kh2 Kg4 46. Kg2
Qb2+ 47. Kf1 Kf3 48. Ke1 Qe2# 0-1

[Event "DEM U8 2023"]
[Site "Willingen GER"]
[Date "2023.05.31"]
[Round "2"]
[White "Golnik, Rasmus"]
[Black "Zentgraf, Raphael"]
[Result "1-0"]
[Termination "normal"]
[Board "22"]
[WhiteElo "1052"]
[BlackElo "783"]
[PlyCount "53"]
[BlackFideId "34684166"]
[EventCountry "GER"]
[EventRounds "7"]
[EventType "swiss"]
[EventDate "2023.05.30"]

1. d4 Nf6 2. Nc3 d5 3. Nf3 Bf5 4. Bf4 Nc6 5. e3 Nb4 6. Rc1 e6 7. a3 Nc6 8. Bb5
Qd7 9. Ne5 Qc8 10. Nxc6 Bg4 11. f3 Bf5 12. Nxa7+ Kd8 13. Nxc8 Rxc8 14. O-O c6
15. Bd3 Bxd3 16. Qxd3 c5 17. Rfe1 cxd4 18. exd4 Nh5 19. Qd2 Rc4 20. Nb5 f6 21.
Rxe6 g5 22. Qa5+ Kd7 23. Rce1 Nxf4 24. Re8 Rxc2 25. Rd8+ Kc6 26. Rc8+ Kd7 27.
Qd8# 1-0

[Event "DEM U8 2023"]
[Site "Willingen GER"]
[Date "2023.05.31"]
[Round "2"]
[White "Chaganti, Prahasith Reddy"]
[Black "Roscher, Simon"]
[Result "1-0"]
[Termination "normal"]
[Board "23"]
[WhiteElo "836"]
[BlackElo "1051"]
[PlyCount "67"]
[BlackFideId "34673130"]
[EventCountry "GER"]
[EventRounds "7"]
[EventType "swiss"]
[EventDate "2023.05.30"]

1. e4 d5 2. exd5 Nf6 3. c4 c6 4. b3 cxd5 5. cxd5 Nxd5 6. Bb2 Nc6 7. d4 g6 8.
Nf3 Bg7 9. Nc3 Bf5 10. Bc4 Nf6 11. Ng5 e6 12. Nf3 O-O 13. O-O Qb6 14. Na4 Qc7
15. Nc5 b6 16. Nd3 Ng4 17. h3 Nf6 18. Rc1 Qb7 19. Nde5 Nxe5 20. dxe5 Rad8 21.
Qe2 Nd7 22. Ba6 Qa8 23. Rc7 f6 24. exf6 Nxf6 25. Be5 Qd5 26. Rxa7 Rd7 27. Bc4
Qc5 28. Rxd7 Nxd7 29. Bxg7 Kxg7 30. Ng5 Kg8 31. Nxe6 Ne5 32. Nxc5+ Kh8 33.
Qxe5+ Rf6 34. Qxf6# 1-0

[Event "DEM U8 2023"]
[Site "Willingen GER"]
[Date "2023.06.02"]
[Round "5"]
[White "Müller, Konstantin"]
[Black "Ranganathan, Aadith"]
[Result "1-0"]
[Termination "normal"]
[Board "1"]
[WhiteElo "1568"]
[BlackElo "1002"]
[PlyCount "73"]
[WhiteFideId "34661778"]
[BlackFideId "34667121"]
[EventCountry "GER"]
[EventRounds "7"]
[EventType "swiss"]
[EventDate "2023.05.30"]

1. e4 e5 2. Nf3 Nc6 3. Bb5 Nf6 4. O-O Be7 5. Nc3 O-O 6. d3 d6 7. h3 Be6 8. Be3
a6 9. Bxc6 bxc6 10. d4 exd4 11. Nxd4 c5 12. Nxe6 fxe6 13. f4 d5 14. e5 Nd7 15.
Bd2 d4 16. Ne4 Qb8 17. Qg4 Qb6 18. Ba5 Qc6 19. Rf3 Nb6 20. Bxb6 cxb6 21. Ng3
Rae8 22. Raf1 Kh8 23. f5 exf5 24. Nxf5 g6 25. Nxe7 Rxe7 26. Rxf8+ Kg7 27. Qf3
Qd7 28. Qf6+ Kh6 29. Rf7 Rxf7 30. Qxf7 Qxf7 31. Rxf7 c4 32. e6 d3 33. cxd3 cxd3
34. e7 d2 35. Rf1 Kg7 36. e8=Q b5 37. Qf8# 1-0

[Event "DEM U8 2023"]
[Site "Willingen GER"]
[Date "2023.06.02"]
[Round "5"]
[White "Schmidt, Alexander Nadvid"]
[Black "Sriram, Aumkar"]
[Result "1-0"]
[Termination "normal"]
[Board "2"]
[WhiteElo "1256"]
[BlackElo "1126"]
[PlyCount "59"]
[WhiteFideId "34661360"]
[BlackFideId "33460477"]
[EventCountry "GER"]
[EventRounds "7"]
[EventType "swiss"]
[EventDate "2023.05.30"]

1. e4 c5 2. Nf3 g6 3. Nc3 Bg7 4. d3 Nc6 5. Be3 d6 6. d4 cxd4 7. Nxd4 Nxd4 8.
Bxd4 e5 9. Be3 Ne7 10. Nb5 Be6 11. Nxd6+ Kf8 12. Nb5 a6 13. Nc3 Qxd1+ 14. Rxd1
f5 15. Rd6 Kf7 16. Be2 Rhd8 17. Rb6 Rab8 18. O-O Nc6 19. Bxa6 bxa6 20. Rxc6
Rxb2 21. Rc1 Ra8 22. Na4 Rxa2 23. Nc5 Bc4 24. Rc7+ Kg8 25. h3 f4 26. Bd2 Rb8
27. Bc3 Bf8 28. Nd7 Rd8 29. Nf6+ Kh8 30. Rxh7# 1-0

[Event "DEM U8 2023"]
[Site "Willingen GER"]
[Date "2023.06.02"]
[Round "5"]
[White "Schmidt, Jan"]
[Black "Pragatheswarakumar, Krish Keerthan"]
[Result "0-1"]
[Termination "normal"]
[Board "3"]
[WhiteElo "1291"]
[BlackElo "1152"]
[PlyCount "106"]
[WhiteFideId "34625682"]
[BlackFideId "34679359"]
[EventCountry "GER"]
[EventRounds "7"]
[EventType "swiss"]
[EventDate "2023.05.30"]

1. e4 e5 2. Nf3 Nc6 3. d4 exd4 4. Nxd4 Bc5 5. Be3 Qf6 6. c3 Nge7 7. Bc4 O-O 8.
O-O d6 9. a4 a5 10. Kh1 Ne5 11. Bb3 Bd7 12. f4 N5c6 13. Qd2 Rad8 14. Qf2 b6 15.
Nd2 Be8 16. N2f3 Kh8 17. Rae1 d5 18. e5 Qg6 19. Bc2 f5 20. Nxc6 Qxc6 21. Nd4
Bxd4 22. Bxd4 Bg6 23. Qh4 Rfe8 24. Qg3 Qb7 25. e6 Nc6 26. Bxf5 Nxd4 27. Bxg6
Rxe6 28. Bxh7 Qc8 29. cxd4 Rxe1 30. Rxe1 Kxh7 31. Qh4+ Kg8 32. h3 Re8 33. Re5
Qd7 34. Qg5 Qxa4 35. Rxe8+ Qxe8 36. Qxd5+ Qf7 37. Qxf7+ Kxf7 38. Kg1 Ke6 39.
Kf2 c6 40. Ke3 b5 41. g4 g6 42. Ke4 b4 43. b3 Kf6 44. h4 Ke6 45. h5 gxh5 46.
gxh5 Kf6 47. Kd3 Kg7 48. Kc4 Kh6 49. Kc5 Kxh5 50. Kc4 Kg4 51. Kc5 Kxf4 52. Kc4
Ke4 53. Kc5 Kd3 0-1

[Event "DEM U8 2023"]
[Site "Willingen GER"]
[Date "2023.06.02"]
[Round "5"]
[White "Reese, Oscar"]
[Black "Besou, Jad"]
[Result "0-1"]
[Termination "normal"]
[Board "5"]
[WhiteElo "1132"]
[BlackElo "1235"]
[PlyCount "68"]
[WhiteFideId "34644474"]
[BlackFideId "34631348"]
[EventCountry "GER"]
[EventRounds "7"]
[EventType "swiss"]
[EventDate "2023.05.30"]

1. e4 e5 2. Nf3 Nc6 3. Nc3 Nf6 4. Bb5 Be7 5. Bxc6 bxc6 6. Nxe5 Bb7 7. d4 d5 8.
exd5 Nxd5 9. Nxd5 Qxd5 10. O-O c5 11. Nf3 Rd8 12. c3 g5 13. h3 h5 14. c4 Qxc4
15. Bxg5 Bxf3 16. Qe1 Rd7 17. gxf3 Rg8 18. f4 f6 19. b3 Qd5 20. h4 fxg5 21.
fxg5 Kd8 22. f4 Bf6 23. Rd1 Bxd4+ 24. Kh2 Re8 25. Qd2 Re4 26. Kh3 Rde7 27. Rf3
Re2 28. Qd3 Qe6+ 29. f5 Qe5 30. Rh1 Qd6 31. Qb1 R7e3 32. Rxe3 Rxe3+ 33. Kg2
Qg3+ 34. Kf1 Qf3+ 0-1

[Event "DEM U8 2023"]
[Site "Willingen GER"]
[Date "2023.06.02"]
[Round "5"]
[White "Stopp, Bruno"]
[Black "Merle, Atreyu Lukas"]
[Result "1-0"]
[Termination "normal"]
[Board "6"]
[WhiteElo "1170"]
[BlackElo "1081"]
[PlyCount "77"]
[WhiteFideId "34640347"]
[BlackFideId "34670033"]
[EventCountry "GER"]
[EventRounds "7"]
[EventType "swiss"]
[EventDate "2023.05.30"]

1. e4 e5 2. Nf3 Nc6 3. Bc4 Bc5 4. d3 d6 5. Nc3 Nf6 6. Bg5 Bg4 7. h3 Bd7 8. Nd5
h6 9. Bxf6 gxf6 10. Qd2 Be6 11. O-O-O Bxd5 12. Bxd5 Qd7 13. Rhe1 O-O-O 14. Bxc6
Qxc6 15. Nh4 Qb6 16. Re2 Bd4 17. c3 Bc5 18. b4 Qb5 19. bxc5 dxc5 20. Qb2 Qa6
21. Red2 Rd6 22. Nf5 Rb6 23. Qa1 Re8 24. Rb2 Rc6 25. Kd2 Kb8 26. Ke1 Qa5 27.
Kf1 Qxc3 28. Rxb7+ Kxb7 29. Qxc3 Rd8 30. Rb1+ Ka8 31. Qb3 Rb6 32. Qc2 Ra6 33.
Nxh6 f5 34. Nxf7 Rf8 35. Nxe5 Re6 36. Qxc5 Rd6 37. Qb4 Rb6 38. Qxf8+ Rb8 39.
Qxb8# 1-0